| 000 -LEADER |
| fixed length control field |
00884nam a22001577a 4500 |
| 003 - CONTROL NUMBER IDENTIFIER |
| control field |
OSt |
| 005 - DATE AND TIME OF LATEST TRANSACTION |
| control field |
20151112152141.0 |
| 008 - FIXED-LENGTH DATA ELEMENTS--GENERAL INFORMATION |
| fixed length control field |
151112b xxu||||| |||| 00| 0 eng d |
| 040 ## - CATALOGING SOURCE |
| Transcribing agency |
RUA |
| 082 ## - DEWEY DECIMAL CLASSIFICATION NUMBER |
| Classification number |
FOR CHA 2005 B132 Or.1 |
| 100 ## - MAIN ENTRY--PERSONAL NAME |
| 9 (RLIN) |
3617 |
| Personal name |
CHEA, SOPHEAK. |
| 245 ## - TITLE STATEMENT |
| Title |
Study on the kinds of resin tree and its price in market at the natural protection area of chi oark community rommony commune povieng district phreah vihear proving, ការសិក្សាលើប្រភេទឈើផ្តល់ជ័រ និងតំលៃរបស់វានៅក្នុងសហគមន៏ តំបន់ការពារធម្មជាតិ ជីឱកបឹងប្រីយ៏ ឃុំរមណីយ ស្រុករវៀង ខេត្តព្រះវិហារ |
| 260 ## - PUBLICATION, DISTRIBUTION, ETC. (IMPRINT) |
| Place of publication, distribution, etc. |
Phnom Penh |
| Name of publisher, distributor, etc. |
RUA |
| Date of publication, distribution, etc. |
2005 |
| 300 ## - PHYSICAL DESCRIPTION |
| Extent |
x; 57p. |
| Other physical details |
ill. |
| Dimensions |
29cm. |
| 942 ## - ADDED ENTRY ELEMENTS (KOHA) |
| Source of classification or shelving scheme |
|
| Koha item type |
FOR |